Statistics for Eminem´s 10 best songs oat

Click here to take the quiz!

General Stats

  • This quiz has been taken 132 times
  • The average score is 7 of 10

Answer Stats

ALBUMSONGS% Correct
The eminem showWithout me
87%
EncoreMockingbird
86%
Music to be murderedGodzilla
84%
Curtain call: the hitsThe real slim shady
79%
Curtain call: the hitsLose yourself
77%
The marshall matters LP2Rap god
70%
The slim shady LPMy name is
69%
Curtain call: the hitsStan
66%
The eminem showTill I collapse
62%
The eminem showSuperman
52%

Score Distribution

Percentile by Number Answered

Percent of People with Each Score

Your Score History

You have not taken this quiz